Szczegóły MARC21

Tajemnice ludzkiego mózgu.

003 -Nazwa inst., której nr kontr. jest w polu 001 [,]
    • @
    • Nazwa instytucji, której n kontrolny jest w polu 001
    • NUKAT
005 -DATA I CZAS OSTATNIEJ MODYFIKACJI [,]
    • @
    • pole kontrolne
    • 20241231110707.0
040 -Instytucja sporządzająca opis [ , ]
    • a
    • Instytucja, która sporządziła opis (NP)
    • TOR U/BIOJK
    • c
    • Instytucja, która sporządziła rekord (NP)
    • TOR U/BIOJK
    • d
    • Instytucja, która zmodyfikowała rekord (P)
    • TOR U/GS
    • d
    • Instytucja, która zmodyfikowała rekord (P)
    • KR 119/jps
    • d
    • Instytucja, która zmodyfikowała rekord (P)
    • GD 27/AZs
942 -Rodzaj dokumentu [ , ]
    • c
    • Rodzaj dokumentu
    • Książka
245 -Strefa tytułu i oznaczenia odpowiedzialności [0,0]
    • a
    • Tytuł
    • Tajemnice ludzkiego mózgu. Find
260 -Strefa adresu wydawniczego [ , ]
    • a
    • Miejsce wydania (P)
    • Łódź :
    • b
    • Nazwa wydawcy (P)
    • Łódzkie Towarzystwo Naukowe,
    • c
    • Data wydania (P)
    • 1965.
300 -Strefa opisu fizycznego [ , ]
    • a
    • Określenie formy książki i/lub objętość (NP)
    • 126, [1] s. :
    • b
    • Oznaczenie ilustracji (NP)
    • rys. ;
    • c
    • Format (NP)
    • 20 cm.
336 -Typ zawartości [ , ]
    • a
    • Termin opisujący typ zawartości
    • Tekst
    • b
    • Kod określający zawartość
    • txt
    • 2
    • Źródło (terminu i kodu)
    • rdacontent
337 -Typ mediów [ , ]
    • a
    • Tryb odtwarzania
    • Bez urządzenia pośredniczącego
    • b
    • Kod typu mediów
    • n
    • 2
    • Źródło (terminu i kodu)
    • rdamedia
338 -Typ/rodzaj nośnika [ , ]
    • a
    • Hasło opisujące typ nośnika
    • Wolumin
    • b
    • Kod typu nośnika
    • nc
    • 2
    • Źródło (terminu i kodu)
    • rdacarrier
490 -Strefa serii i książki wielotomowej - forma nie do wyszukiwania [1, ]
    • a
    • Tytuł (P)
    • Szlakami Nauki / Łódzkie Towarzystwo Naukowe ; Find
    • v
    • Numeracja (P)
    • nr 10
830 -Hasło dodatkowe serii i opisu książki wielotomowej - tytuł ujednolicony/tytuł [ ,0]
    • a
    • Tytuł ujednolicony/tytuł (NP)
    • Szlakami Nauki
    • x
    • ISSN
    • 0082-1314
    • v
    • Oznaczenie tomu (NP)
    • nr 10
    • 9
    • KHW
    • 28857
505 -Uwaga dot. zawartości książki [0, ]
    • a
    • Uwaga dot. zawartości książki
    • Powstanie, rozwój i czynności ludzkiego mózgu / Stefan Bagiński. Czynności i zaburzenia psychiczne / Wojciech Pogorzelski.
536 -Uwaga dot. finansowania książki [ , ]
    • a
    • Tekst uwagi
    • Praca wydana z zasiłku Polskiej Akademii Nauk na zlecenie Łódzkiego Towarzystwa Naukowego
080 -Uniwersalna Klasyfikacja Dziesiętna [ , ]
    • a
    • Symbol klasyfikacji
    • 611.8
    • 9
    • UKD
    • 4534
    • 2
    • Identyfikator wydania tablic
    • UDC-P058
    • b
    • Dopowiedzenie
    • Układ nerwowy. Narządy zmysłów.
080 -Uniwersalna Klasyfikacja Dziesiętna [ , ]
    • a
    • Symbol klasyfikacji
    • :612.8
080 -Uniwersalna Klasyfikacja Dziesiętna [ , ]
    • a
    • Symbol klasyfikacji
    • :591.4
650 -Hasło przedmiotowe [ ,7]
    • a
    • Hasło przedmiotowe
    • Mózg
    • x
    • Określnik rzeczowy
    • ewolucja
    • v
    • Określnik formalny
    • wydawnictwa popularne.
    • 2
    • Źródło terminu
    • kaba
    • 9
    • KHW
    • 548997
980 -Symbol UKD [ , ]
    • a
    • UKD
    • 611.8:612.8:591.4
700 -Hasło dodatkowe - nazwa osobowa [1,2]
    • a
    • Nazwa osobowa (NP)
    • Pogorzelski, Wojciech. Find
    • t
    • Tytuł ujednolicony/tytuł (NP)
    • Czynności i zaburzenia psychiczne Find
    • 9
    • KHW
    • 548844
700 -Hasło dodatkowe - nazwa osobowa [1,2]
    • a
    • Nazwa osobowa (NP)
    • Bagiński, Stefan Find
    • d
    • Daty biograficzne (NP)
    • (1892-1969).
    • t
    • Tytuł ujednolicony/tytuł (NP)
    • Powstanie, rozwój i czynności ludzkiego mózgu Find
    • 9
    • KHW
    • 548843
Lokalizacja Data inwentaryzacji Numer inwentarzowy Status udost.
BG2005-12-01Pd.173681